[Event "Brasilia JEBS op"]
[Site "Brasilia"]
[Date "2023.10.30"]
[Round "6"]
[White "Kawamoto, Victor Misao Buriti"]
[Black "Pereira, Arthur Macedo"]
[Result "1-0"]
[WhiteElo "1631"]
[BlackElo "1761"]
[PlyCount "75"]
[EventDate "2023.10.28"]
[EventType "swiss"]
[EventRounds "6"]
[EventCountry "BRA"]
[SourceTitle "Mega2024 Update 01"]
[Source "Chessbase"]
[SourceDate "2023.11.12"]
[SourceVersion "1"]
[SourceVersionDate "2023.11.12"]
[SourceQuality "1"]

1. e4 c5 2. Nf3 e6 3. d4 cxd4 4. Nxd4 Nc6 5. Nc3 Qc7 6. Be3 a6 7. Qd2 Nf6 8. f3 Bb4 9. g4 0-0 10. 0-0-0 b5 11. a3 Be7 12. h4 b4 13. axb4 Bxb4 14. h5 Nxd4 15. Bxd4 e5 16. Qg5 exd4 17. h6 Ne8 18. Nd5 Qa5 19. c3 Qa1+ 20. Kc2 Qa4+ 21. Kd2 dxc3+ 22. bxc3 f6 23. Nxf6+ Rxf6 24. Bc4+ d5 25. Bxd5+ Be6 26. Bxa8 Qa2+ 27. Ke3 Qa3 28. Rd3 Bc5+ 29. Ke2 Qb2+ 30. Qd2 Qb6 31. hxg7 Kxg7 32. Rh5 Bc4 33. Qg5+ Rg6 34. Qxc5 Bxd3+ 35. Kxd3 Qb1+ 36. Ke3 Qg1+ 37. Ke2 Qg2+ 38. Qf2 1-0